[Event "Play for Durgesh Fundraiser Blitz"]
[Site "Vishy Anand Arena"]
[Date "2020.09.19"]
[Round "2"]
[White "Hmota"]
[Black "Skipper_chess"]
[Result "0-1"]
[WhiteElo "1351"]
[BlackElo "1624"]
[Annotator "NA"]
[PlyCount "114"]
[EventDate "2020.09.19"]
[EventType "swiss (blitz)"]

1. e4 c5 2. Nf3 d6 3. Nc3 Nf6 4. h3 Nc6 5. d3 g6 6. Bg5 Bg7 7. Be2 O-O 8. O-O Bd7 9. Bxf6 Bxf6 10. Nd5 Bg7 11. Qd2 b6 12. c4 e6 13. Nc3 Nd4 14. Nxd4 Bxd4 15. Rae1 Qf6 16. Bf3 Bc6 17. g3 Qxf3 18. Qf4 Qxf4 19. gxf4 Bxc3 20. bxc3 e5 21. f5 Kg7 22. Re3 b5 23. cxb5 Bxb5 24. c4 Ba6 25. Rf3 Bb7 26. Kh2 h6 27. Rg1 Kh7 28. h4 Bc6 29. Rg2 Rab8 30. Rfg3 Rg8 31. h5 g5 32. f6 Rb2 33. f3 Rxg2+ 34. Rxg2 Rb8 35. Kh3 Bd7+ 36. Kg3 Rb4 37. a3 Rb3 38. Rd2 Rxa3 39. Rb2 a5 40. Rb7 Be6 41. Rd7 Bxd7 42. Kf2 Rxd3 43. Ke2 Rb3 44. Kf2 a4 45. Ke1 a3 46. Kd1 a2 47. Kc2 a1=Q 48. Kxb3 Qb1+ 49. Ka3 Qd3+ 50. Kb2 Qxf3 51. Ka2 Qxe4 52. Ka3 Qxc4 53. Kb2 Ba4 54. Kb1 Bb3 55. Ka1 Qa4+ 56. Kb2 Qa2+ 57. Kc3 Qc2# 0-1

[Event "Play for Durgesh Fundraiser Blitz"]
[Site "Vishy Anand Arena"]
[Date "2020.09.19"]
[Round "2"]
[White "Thewinner64"]
[Black "Namanjain2005"]
[Result "0-1"]
[WhiteElo "1348"]
[BlackElo "1632"]
[Annotator "NA"]
[PlyCount "52"]
[EventDate "2020.09.19"]
[EventType "swiss (blitz)"]

1. e4 c5 2. c3 Nf6 3. e5 Nd5 4. d4 cxd4 5. cxd4 Nc6 6. Nf3 d6 7. Bc4 Nb6 8. Bd3 dxe5 9. dxe5 Bg4 10. O-O Nxe5 11. Bb5+ Nc6 12. Qxd8+ Rxd8 13. Ne5 Bd7 14. Rd1 Nxe5 15. Bxd7+ Rxd7 16. Rxd7 Nexd7 17. Bf4 g6 18. Nc3 Bg7 19. Rd1 O-O 20. Nb5 e5 21. Bg3 f5 22. Bh4 Bf6 23. Bxf6 Rxf6 24. Nd6 Nc5 25. Ne8 Rf7 26. Rd8 Rd7 0-1

[Event "Play for Durgesh Fundraiser Blitz"]
[Site "Vishy Anand Arena"]
[Date "2020.09.19"]
[Round "2"]
[White "Zoyanizar"]
[Black "Avichaljadeja02"]
[Result "0-1"]
[WhiteElo "1347"]
[BlackElo "1620"]
[Annotator "NA"]
[PlyCount "44"]
[EventDate "2020.09.19"]
[EventType "swiss (blitz)"]

1. d4 Nf6 2. Bf4 d5 3. e3 c5 4. c3 Nc6 5. Nd2 Bf5 6. Ngf3 h6 7. Qb3 Qb6 8. dxc5 Qxb3 9. axb3 e6 10. b4 a6 11. Nd4 Be7 12. Nxc6 bxc6 13. Rxa6 O-O 14. Rxc6 Ra1+ 15. Ke2 Ra2 16. g3 Rxb2 17. Bg2 Rd8 18. Ra1 Ne4 19. Bxe4 dxe4 20. Rd1 Bg4+ 21. f3 Bxf3+ 22. Kf2 Bxd1 0-1

[Event "Play for Durgesh Fundraiser Blitz"]
[Site "Vishy Anand Arena"]
[Date "2020.09.19"]
[Round "2"]
[White "Ritvik1705"]
[Black "Aayush NPS"]
[Result "1-0"]
[WhiteElo "1336"]
[BlackElo "1620"]
[Annotator "NA"]
[PlyCount "75"]
[EventDate "2020.09.19"]
[EventType "swiss (blitz)"]

1. d4 d5 2. Bf4 Nc6 3. Nf3 Nf6 4. e3 e6 5. Bb5 Bd6 6. Ne5 Bxe5 7. Bxe5 Qd7 8. Nc3 a6 9. Bxc6 Qxc6 10. Bxf6 gxf6 11. O-O e5 12. dxe5 fxe5 13. Nxd5 Be6 14. Nc3 Bc4 15. Re1 O-O 16. Qg4+ Kh8 17. Ne4 Rg8 18. Qf5 Be6 19. Qxe5+ Rg7 20. c3 Qd5 21. Qxd5 Bxd5 22. Ng3 Rd8 23. b4 b5 24. Rad1 f6 25. Nf5 Rxg2+ 26. Kf1 Rxh2 27. e4 Rh1+ 28. Ke2 Rxe1+ 29. Kxe1 Re8 30. f3 Be6 31. Nd4 Bh3 32. a3 f5 33. Nc6 fxe4 34. fxe4 Rxe4+ 35. Kf2 Bg4 36. Rd8+ Re8 37. Rxe8+ Kg7 38. Ne7 1-0

[Event "Play for Durgesh Fundraiser Blitz"]
[Site "Vishy Anand Arena"]
[Date "2020.09.19"]
[Round "2"]
[White "Asa0285"]
[Black "HarshPandit"]
[Result "1/2-1/2"]
[WhiteElo "1318"]
[BlackElo "1611"]
[Annotator "NA"]
[PlyCount "103"]
[EventDate "2020.09.19"]
[EventType "swiss (blitz)"]

1. e4 e5 2. Nf3 Nc6 3. Bb5 a6 4. Bxc6 dxc6 5. d3 Nf6 6. O-O Bd6 7. Bg5 O-O 8. Nbd2 Re8 9. Re1 Bg4 10. Nf1 h6 11. Bh4 Bc5 12. Ne3 Qd6 13. Nc4 Qd8 14. h3 Bxf3 15. Qxf3 b5 16. Ne3 Bd4 17. c3 Bxe3 18. Rxe3 Qd6 19. Qf5 Nh7 20. Rf3 Qe6 21. Qh5 Qg6 22. Qxg6 fxg6 23. Bg3 Rf8 24. Rxf8+ Rxf8 25. Bxe5 Rf7 26. a4 bxa4 27. Rxa4 Ng5 28. Rxa6 Kf8 29. Rxc6 Ke8 30. Rxc7 Rxc7 31. Bxc7 Ne6 32. Be5 Kd7 33. f4 g5 34. f5 Nc5 35. Bxg7 Nxd3 36. c4 Nxb2 37. Bxb2 h5 38. Kf2 g4 39. Ke3 g3 40. Kf4 h4 41. Kg4 Kd6 42. e5+ Ke7 43. e6 Kf8 44. Kxh4 Ke7 45. Kxg3 Ke8 46. c5 Ke7 47. c6 Kd8 48. c7+ Kxc7 49. f6 Kd8 50. f7 Ke7 51. Bf6+ Kf8 52. Kf4 1/2-1/2

[Event "Play for Durgesh Fundraiser Blitz"]
[Site "Vishy Anand Arena"]
[Date "2020.09.19"]
[Round "2"]
[White "Tigerchamp"]
[Black "Shreyash karkare"]
[Result "0-1"]
[WhiteElo "1318"]
[BlackElo "1297"]
[Annotator "NA"]
[PlyCount "50"]
[EventDate "2020.09.19"]
[EventType "swiss (blitz)"]

1. e4 c5 2. Nf3 d6 3. Bc4 e6 4. d4 cxd4 5. Nxd4 Nf6 6. Bb5+ Nbd7 7. Bxd7+ Bxd7 8. Nc3 Be7 9. Bg5 O-O 10. h4 Rc8 11. Qe2 Re8 12. O-O-O d5 13. exd5 exd5 14. Rde1 Rxc3 15. b3 Qa5 16. Bxf6 Ba3+ 17. Kd1 Rxe2 18. Rxe2 gxf6 19. Re7 Bg4+ 20. f3 Qb4 21. Re8+ Kg7 22. fxg4 Qxd4+ 23. Ke1 Rxc2 24. h5 Qd2+ 25. Kf1 Qf2# 0-1

[Event "Play for Durgesh Fundraiser Blitz"]
[Site "Vishy Anand Arena"]
[Date "2020.09.19"]
[Round "2"]
[White "Boonrook"]
[Black "PRANAVAJ"]
[Result "1/2-1/2"]
[WhiteElo "1305"]
[BlackElo "1826"]
[Annotator "NA"]
[PlyCount "142"]
[EventDate "2020.09.19"]
[EventType "swiss (blitz)"]

1. e4 e5 2. Nf3 Nc6 3. d3 Nf6 4. Bg5 Bc5 5. a3 h6 6. Bxf6 Qxf6 7. Nc3 d6 8. h3 O-O 9. Nd5 Qd8 10. Be2 Nd4 11. Nxd4 Bxd4 12. c3 Bb6 13. O-O a6 14. Bg4 Ba7 15. Bxc8 Rxc8 16. Qg4 c6 17. Qxc8 Qxc8 18. Ne7+ Kh8 19. Nxc8 Rxc8 20. Kh2 g6 21. f3 Kg7 22. f4 f6 23. f5 g5 24. Rad1 Be3 25. d4 Rc7 26. dxe5 dxe5 27. Rd3 Bc5 28. Rfd1 Kf8 29. Rd7 Rxd7 30. Rxd7 b5 31. Rc7 Be3 32. Rxc6 Ke7 33. Rxa6 Bc1 34. b3 Bd2 35. c4 bxc4 36. bxc4 Be3 37. Ra8 h5 38. a4 h4 39. a5 Kd6 40. Rc8 Kd7 41. Rb8 Kc7 42. Rf8 Bd2 43. Rxf6 Bxa5 44. Rf7+ Kd6 45. f6 Ke6 46. Ra7 Bb4 47. f7 Bc5 48. Ra5 Bb4 49. Rb5 Be7 50. Rb7 Kxf7 51. Rb5 Ke6 52. c5 Bd8 53. c6 Kd6 54. Rd5+ Kxc6 55. Rxd8 Kc7 56. Re8 Kd6 57. Rg8 Ke6 58. Rxg5 Kf6 59. Rg4 Ke6 60. Rxh4 Kf6 61. Rh6+ Kg7 62. Ra6 Kf7 63. Kg3 Ke7 64. Kg4 Kf7 65. Kf5 Kg7 66. Kxe5 Kf7 67. Kd6 Kg6 68. e5 Kf5 69. e6 Kf4 70. e7 Kg3 71. e8=Q Kh2 1/2-1/2

[Event "Play for Durgesh Fundraiser Blitz"]
[Site "Vishy Anand Arena"]
[Date "2020.09.19"]
[Round "2"]
[White "GIRI_CHESSBASE"]
[Black "Adit pushan"]
[Result "0-1"]
[WhiteElo "1294"]
[BlackElo "1654"]
[Annotator "NA"]
[PlyCount "112"]
[EventDate "2020.09.19"]
[EventType "swiss (blitz)"]

1. e4 c5 2. Nf3 Nc6 3. d4 cxd4 4. Nxd4 Nf6 5. Nc3 e6 6. g3 Bb4 7. Bd2 Nxd4 8. Bg2 Nc6 9. Bg5 h6 10. Bxf6 Qxf6 11. Qd3 Bxc3+ 12. Qxc3 Qxc3+ 13. bxc3 O-O 14. O-O b6 15. e5 Ba6 16. Rfd1 Rad8 17. Bxc6 dxc6 18. Rd6 Rxd6 19. exd6 Rd8 20. Rd1 Bc4 21. a3 Bd5 22. Rd4 b5 23. Kf1 Rxd6 24. Ke2 Bc4+ 25. Ke3 Rxd4 26. cxd4 Kf8 27. c3 a5 28. Ke4 Ke7 29. f4 Kd6 30. Kf3 c5 31. dxc5+ Kxc5 32. Ke4 Bf1 33. Ke3 Kc4 34. Kd2 g5 35. fxg5 hxg5 36. h4 gxh4 37. gxh4 Bh3 38. h5 Bf5 39. h6 Bh7 40. Kc1 f5 41. Kd2 f4 42. Ke2 e5 43. Kf3 Kxc3 44. Kg4 b4 45. Kg5 b3 46. Kf6 b2 47. Kg7 b1=Q 48. Kf7 Qg6+ 49. Ke7 Bg8 50. a4 Qe6+ 51. Kd8 Kc4 52. h7 Kc5 53. hxg8=Q Qxg8+ 54. Kd7 Qf7+ 55. Kc8 Kc6 56. Kd8 Qd7# 0-1

[Event "Play for Durgesh Fundraiser Blitz"]
[Site "Vishy Anand Arena"]
[Date "2020.09.19"]
[Round "2"]
[White "Prathinav244"]
[Black "Ameethh"]
[Result "0-1"]
[WhiteElo "1294"]
[BlackElo "1495"]
[Annotator "NA"]
[PlyCount "60"]
[EventDate "2020.09.19"]
[EventType "swiss (blitz)"]

1. d4 Nf6 2. Bf4 d5 3. e3 Bf5 4. Nf3 e6 5. c3 c5 6. Nbd2 a6 7. Be2 Bd6 8. Bg3 O-O 9. Ne5 c4 10. f4 Nbd7 11. Ndf3 Bxe5 12. fxe5 Ne4 13. Bh4 Qb6 14. Qc1 Rac8 15. Nd2 f6 16. exf6 Ndxf6 17. O-O Ng4 18. Nxe4 dxe4 19. h3 Nf6 20. Rb1 Qd6 21. Qe1 Rc7 22. Bg3 Qd7 23. Bxc7 Qxc7 24. Qf2 Qf7 25. Qf4 b5 26. Qh4 Qg6 27. Qf2 Rf7 28. Kh2 Qh6 29. Qg3 Nh5 30. Bxh5 Qxh5 0-1

[Event "Play for Durgesh Fundraiser Blitz"]
[Site "Vishy Anand Arena"]
[Date "2020.09.19"]
[Round "2"]
[White "Prateek_thakur"]
[Black "Aarav810"]
[Result "0-1"]
[WhiteElo "1292"]
[BlackElo "1620"]
[Annotator "NA"]
[PlyCount "20"]
[EventDate "2020.09.19"]
[EventType "swiss (blitz)"]

1. e4 e5 2. Nf3 Nc6 3. Bc4 Nf6 4. d3 Bc5 5. Ng5 O-O 6. h4 d5 7. Nc3 dxc4 8. Be3 Bxe3 9. fxe3 cxd3 10. cxd3 Nb4 0-1

[Event "Play for Durgesh Fundraiser Blitz"]
[Site "Vishy Anand Arena"]
[Date "2020.09.19"]
[Round "2"]
[White "Chess chess"]
[Black "Amalraj001"]
[Result "0-1"]
[WhiteElo "1255"]
[BlackElo "1567"]
[Annotator "NA"]
[PlyCount "84"]
[EventDate "2020.09.19"]
[EventType "swiss (blitz)"]

1. d4 d5 2. c4 c6 3. Nc3 g6 4. e3 Bg7 5. Nf3 Nf6 6. Be2 O-O 7. O-O Nbd7 8. b3 e6 9. Bb2 dxc4 10. bxc4 b6 11. Ba3 Bb7 12. Rb1 Re8 13. c5 b5 14. Qc2 a5 15. Bc1 Ba6 16. a3 Nd5 17. Nxd5 exd5 18. a4 b4 19. Bxa6 Rxa6 20. Qd3 Ra7 21. Rb3 Nf6 22. Nd2 Ne4 23. Nxe4 Rxe4 24. f3 Ree7 25. Qc2 f5 26. Kh1 Qe8 27. Qe2 Re6 28. Qf2 h6 29. Re1 Kh7 30. Rd3 Bf6 31. Rb3 Rae7 32. Bd2 g5 33. g3 Kg6 34. Rd3 Bg7 35. Bc1 f4 36. gxf4 gxf4 37. e4 dxe4 38. fxe4 Rxe4 39. Rxe4 Rxe4 40. Qg2+ Kh7 41. Rh3 Re1+ 42. Qg1 Qe4+ 0-1

[Event "Play for Durgesh Fundraiser Blitz"]
[Site "Vishy Anand Arena"]
[Date "2020.09.19"]
[Round "2"]
[White "Ruhikansb"]
[Black "Vivaan harjani"]
[Result "1-0"]
[WhiteElo "1219"]
[BlackElo "1620"]
[Annotator "NA"]
[PlyCount "83"]
[EventDate "2020.09.19"]
[EventType "swiss (blitz)"]

1. e4 e5 2. Nf3 Nc6 3. Nc3 Nf6 4. Bc4 Nxe4 5. O-O Nxc3 6. dxc3 Bc5 7. Qd5 Qe7 8. Bg5 Qe6 9. Qxe6+ dxe6 10. Rfe1 Na5 11. b3 Nxc4 12. bxc4 Bd7 13. Nxe5 O-O 14. Nxd7 Bb6 15. Nxf8 Kxf8 16. a4 f6 17. Bh4 Rd8 18. a5 Bc5 19. Bg3 Rd2 20. Bxc7 Rxc2 21. Rxe6 Rxc3 22. Rae1 Rxc4 23. Bd6+ Bxd6 24. Rxd6 Ra4 25. h3 Rxa5 26. Rd8+ Kf7 27. Rd7+ Kg6 28. Rxb7 Ra2 29. Ree7 a5 30. Rxg7+ Kf5 31. Rxh7 a4 32. Rb5+ Ke4 33. Rh4+ Kd3 34. Rd5+ Kc3 35. Rhd4 Ra1+ 36. Kh2 a3 37. Rd3+ Kb2 38. Rb5+ Kc2 39. Rdb3 a2 40. Rb2+ Kc3 41. R5b3+ Kc4 42. Rb8 1-0

[Event "Play for Durgesh Fundraiser Blitz"]
[Site "Vishy Anand Arena"]
[Date "2020.09.19"]
[Round "2"]
[White "Bhabnish7"]
[Black "Aryaman_tickoo"]
[Result "1-0"]
[WhiteElo "1193"]
[BlackElo "1310"]
[Annotator "NA"]
[PlyCount "61"]
[EventDate "2020.09.19"]
[EventType "swiss (blitz)"]

1. e4 c5 2. Nf3 Nc6 3. d4 cxd4 4. Nxd4 g6 5. Nc3 Bg7 6. Be3 d6 7. f3 Nf6 8. Qd2 O-O 9. Bc4 a6 10. O-O-O b5 11. Bb3 Nxd4 12. Bxd4 Bd7 13. Qd3 Rc8 14. h4 Nh5 15. g4 Nf4 16. Qe3 e5 17. h5 exd4 18. Qxf4 Be5 19. Qd2 dxc3 20. hxg6 hxg6 21. Qh6 Bf4+ 22. Qxf4 g5 23. Qxd6 cxb2+ 24. Kxb2 Rc7 25. Qh6 Qf6+ 26. c3 Qg7 27. Qxg7+ Kxg7 28. Rh5 f6 29. Rdh1 Rcc8 30. Rh7+ Kg6 31. R1h6# 1-0

[Event "Play for Durgesh Fundraiser Blitz"]
[Site "Vishy Anand Arena"]
[Date "2020.09.19"]
[Round "2"]
[White "Govin4475"]
[Black "Harshpatil"]
[Result "1-0"]
[WhiteElo "1172"]
[BlackElo "1620"]
[Annotator "NA"]
[PlyCount "45"]
[EventDate "2020.09.19"]
[EventType "swiss (blitz)"]

1. Nf3 Nc6 2. g3 e5 3. Bg2 e4 4. Nh4 Be7 5. Bxe4 Bxh4 6. gxh4 Qxh4 7. Bg2 Nf6 8. d3 O-O 9. e4 d6 10. Nd2 Bg4 11. Nf3 Qh5 12. h3 Bxf3 13. Qxf3 Qxf3 14. Bxf3 Nd4 15. Bd1 Rfe8 16. c3 Nc6 17. Be3 d5 18. exd5 Nxd5 19. Kd2 Nxe3 20. fxe3 Rad8 21. Bb3 Ne5 22. d4 Nf3+ 23. Kd3 1-0

[Event "Play for Durgesh Fundraiser Blitz"]
[Site "Vishy Anand Arena"]
[Date "2020.09.19"]
[Round "2"]
[White "RIJUD"]
[Black "Suyu28"]
[Result "0-1"]
[WhiteElo "1123"]
[BlackElo "2180"]
[Annotator "NA"]
[PlyCount "62"]
[EventDate "2020.09.19"]
[EventType "swiss (blitz)"]

1. c4 c6 2. Nc3 d5 3. Nf3 Nf6 4. d3 d4 5. Ne4 Nxe4 6. dxe4 c5 7. g3 Nc6 8. Bg2 e5 9. O-O Be7 10. b3 a5 11. Qc2 a4 12. bxa4 O-O 13. e3 Qa5 14. exd4 cxd4 15. Nd2 Qxa4 16. Qxa4 Rxa4 17. f4 f6 18. f5 Bb4 19. Bf3 Bc3 20. Rb1 Rxa2 21. Rf2 Nb4 22. Be2 Bd7 23. Bf1 Bc6 24. Nb3 Rxf2 25. Kxf2 Bxe4 26. Nd2 Bxf5 27. Rxb4 Bxb4 28. Nf3 Bc5 29. Kg2 Be4 30. Bb2 Ra8 31. Kh3 Bxf3 0-1

[Event "Play for Durgesh Fundraiser Blitz"]
[Site "Vishy Anand Arena"]
[Date "2020.09.19"]
[Round "3"]
[White "Rasulov Vugar"]
[Black "Neevptl"]
[Result "1-0"]
[WhiteElo "2502"]
[BlackElo "1962"]
[PlyCount "103"]
[EventDate "2020.09.19"]
[EventType "swiss (blitz)"]

1. e4 c5 2. Nf3 Nc6 3. d4 cxd4 4. Nxd4 g6 5. Nc3 Bg7 6. Be3 Nf6 7. Bc4 O-O 8. Bb3 a5 9. O-O Ng4 10. Qxg4 Nxd4 11. Rad1 Nxb3 12. axb3 Ra6 13. Qh4 Rc6 14. Bh6 e6 15. Qxd8 Rxd8 16. Bxg7 Kxg7 17. Rd2 b6 18. Rfd1 Rc7 19. Nb5 Rc5 20. Nd6 Ba6 21. f4 f6 22. Kf2 e5 23. f5 Rc6 24. c3 Kf8 25. b4 axb4 26. cxb4 b5 27. h4 Ke7 28. fxg6 hxg6 29. h5 gxh5 30. Nf5+ Kf7 31. Rxd7+ Rxd7 32. Rxd7+ Ke8 33. Ra7 Bc8 34. Ng7+ Kf8 35. Nxh5 Rc2+ 36. Kg3 Be6 37. Rb7 Bc4 38. Nxf6 Rxb2 39. Nd7+ Kg8 40. Nxe5 Rxb4 41. Kf3 Bf1 42. g4 Rb3+ 43. Kf4 Bg2 44. Nd7 Rf3+ 45. Ke5 Re3 46. Nf6+ Kf8 47. g5 Rg3 48. Kf5 Bh3+ 49. Kg6 Be6 50. e5 Rf3 51. Rb8+ Ke7 52. Re8# 1-0

[Event "Play for Durgesh Fundraiser Blitz"]
[Site "Vishy Anand Arena"]
[Date "2020.09.19"]
[Round "3"]
[White "Terryr"]
[Black "KananGarayev"]
[Result "1/2-1/2"]
[WhiteElo "2479"]
[BlackElo "2232"]
[PlyCount "59"]
[EventDate "2020.09.19"]
[EventType "swiss (blitz)"]

1. d4 Nf6 2. Bg5 Ne4 3. Bf4 d5 4. Nd2 Bf5 5. e3 e6 6. Bd3 Nxd2 7. Qxd2 Bxd3 8. Qxd3 c5 9. dxc5 Qa5+ 10. c3 Qxc5 11. Nf3 Nc6 12. e4 dxe4 13. Qxe4 Be7 14. Rd1 Rd8 15. Rxd8+ Bxd8 16. O-O O-O 17. Rd1 Bb6 18. Qe2 Rd8 19. Rxd8+ Bxd8 20. h3 Qf5 21. Qd2 Bf6 22. Be3 h5 23. b3 Ne5 24. Nd4 Qb1+ 25. Kh2 h4 26. Qc2 Qf1 27. Qe2 Qb1 28. Qc2 Qf1 29. Qe2 Qb1 30. Qc2 1/2-1/2

[Event "Play for Durgesh Fundraiser Blitz"]
[Site "Vishy Anand Arena"]
[Date "2020.09.19"]
[Round "3"]
[White "RACEKING"]
[Black "COLGATE"]
[Result "1-0"]
[WhiteElo "2418"]
[BlackElo "1746"]
[PlyCount "91"]
[EventDate "2020.09.19"]
[EventType "swiss (blitz)"]

1. c4 e5 2. g3 Nc6 3. Bg2 f5 4. Nc3 Nf6 5. e3 d6 6. Nge2 g6 7. d4 Bg7 8. b3 O-O 9. Bb2 h6 10. Qd2 e4 11. h4 a6 12. Nf4 Qe8 13. Ncd5 Qf7 14. Bf1 g5 15. hxg5 hxg5 16. Nxf6+ Bxf6 17. Nd5 a5 18. Be2 a4 19. Nxf6+ Qxf6 20. d5 Ne5 21. O-O-O b5 22. b4 bxc4 23. a3 Ba6 24. Rh5 Kf7 25. Rh7+ Kg8 26. Rdh1 c3 27. Bxc3 Bxe2 28. Qxe2 Nd3+ 29. Qxd3 exd3 30. Bxf6 d2+ 31. Kxd2 Rxf6 32. Rh8+ Kf7 33. Rxa8 Rg6 34. Rh7+ Kf6 35. f4 gxf4 36. exf4 Rxg3 37. Rf8+ Kg6 38. Rg8+ Kxh7 39. Rxg3 c5 40. Rg5 c4 41. Kc3 Kh6 42. b5 Kh7 43. b6 Kh6 44. b7 Kh7 45. b8=Q Kh6 46. Qh8# 1-0

[Event "Play for Durgesh Fundraiser Blitz"]
[Site "Vishy Anand Arena"]
[Date "2020.09.19"]
[Round "3"]
[White "IndianKing97"]
[Black "avibhat"]
[Result "1-0"]
[WhiteElo "2385"]
[BlackElo "1453"]
[Annotator "NA"]
[PlyCount "57"]
[EventDate "2020.09.19"]
[EventType "swiss (blitz)"]

1. c4 e5 2. g3 Nf6 3. Bg2 Nc6 4. Nc3 Bb4 5. Nd5 Bc5 6. e3 d6 7. Ne2 Bg4 8. h3 Be6 9. a3 O-O 10. d4 exd4 11. exd4 Bb6 12. Nxb6 axb6 13. d5 Ne5 14. dxe6 fxe6 15. Qc2 c6 16. O-O Qc7 17. Bg5 h6 18. Bxf6 Rxf6 19. Rad1 d5 20. cxd5 c5 21. dxe6 Rxe6 22. Bd5 Qe7 23. Nf4 Nf3+ 24. Bxf3 Rd6 25. Rxd6 Qxd6 26. Bd5+ Kh8 27. Ng6+ Kh7 28. Nf8+ Kh8 29. Qh7# 1-0

[Event "Play for Durgesh Fundraiser Blitz"]
[Site "Vishy Anand Arena"]
[Date "2020.09.19"]
[Round "3"]
[White "Aradhya"]
[Black "Gk06"]
[Result "1-0"]
[WhiteElo "2343"]
[BlackElo "2537"]
[Annotator "NA"]
[PlyCount "139"]
[EventDate "2020.09.19"]
[EventType "swiss (blitz)"]

1. d4 d5 2. c4 e6 3. Nc3 c5 4. cxd5 exd5 5. Nf3 Nf6 6. g3 Nc6 7. Bg2 cxd4 8. Nxd4 Bc5 9. Nb3 Bb6 10. O-O d4 11. Na4 O-O 12. Bg5 Re8 13. Re1 h6 14. Bxf6 Qxf6 15. Nxb6 axb6 16. Bxc6 bxc6 17. Qxd4 Qd8 18. Qc3 c5 19. Rad1 Qc7 20. a3 Ba6 21. e4 Re7 22. f3 Rae8 23. Kf2 Bb7 24. Nd2 Re6 25. Nc4 b5 26. Ne3 Qb6 27. Nd5 Bxd5 28. Rxd5 c4+ 29. Qd4 Qa5 30. Re2 Qa4 31. Qc5 Rb8 32. Red2 Qb3 33. Qb4 Qa2 34. Rd8+ Rxd8 35. Rxd8+ Kh7 36. Qc3 Qb1 37. Kg2 Rf6 38. Rd2 Qe1 39. Rf2 Qd1 40. Rd2 Qe1 41. Rf2 Qd1 42. h4 Rg6 43. h5 Rg5 44. g4 Qd7 45. Qe3 g6 46. hxg6+ Rxg6 47. Rd2 Qe6 48. Kf2 h5 49. gxh5 Rg7 50. Qf4 Qh3 51. Qf5+ Qxf5 52. exf5 Rg5 53. Rd5 Rxh5 54. Rxb5 Rh2+ 55. Kg3 Rc2 56. a4 c3 57. bxc3 Rxc3 58. a5 Ra3 59. Kf4 Kg7 60. Ke4 Kf6 61. Rb6+ Kg5 62. a6 Ra4+ 63. Ke5 Ra5+ 64. Kd6 Kxf5 65. Kc7 Kf4 66. Rf6+ Ke5 67. Rb6 f5 68. Kb7 Kf4 69. Rb3 Kg3 70. a7 1-0

[Event "Play for Durgesh Fundraiser Blitz"]
[Site "Vishy Anand Arena"]
[Date "2020.09.19"]
[Round "3"]
[White "Arjunkalyan"]
[Black "Saathwikthegreat"]
[Result "1-0"]
[WhiteElo "2318"]
[BlackElo "1498"]
[PlyCount "47"]
[EventDate "2020.09.19"]
[EventType "swiss (blitz)"]

1. e4 c5 2. Nf3 Nc6 3. d4 cxd4 4. Nxd4 g6 5. c4 Bg7 6. Be3 Nxd4 7. Bxd4 e5 8. Be3 Ne7 9. Nc3 d6 10. Qd2 Bd7 11. Qxd6 Bc6 12. Bc5 Qxd6 13. Bxd6 Rd8 14. O-O-O Rd7 15. Be2 O-O 16. Ba3 Rfd8 17. Rxd7 Rxd7 18. Rd1 Rxd1+ 19. Kxd1 Nc8 20. Nd5 Bxd5 21. exd5 Bf8 22. c5 Kg7 23. d6 b6 24. d7 1-0

[Event "Play for Durgesh Fundraiser Blitz"]
[Site "Vishy Anand Arena"]
[Date "2020.09.19"]
[Round "3"]
[White "Gak_chess"]
[Black "Babysnake"]
[Result "0-1"]
[WhiteElo "2289"]
[BlackElo "2528"]
[PlyCount "66"]
[EventDate "2020.09.19"]
[EventType "swiss (blitz)"]

1. c4 c5 2. Nf3 g6 3. Nc3 Bg7 4. e3 Nf6 5. b3 d5 6. cxd5 Nxd5 7. Bb2 Nb4 8. d3 Bf5 9. Na4 O-O 10. Bxg7 Kxg7 11. Nxc5 Qa5 12. Qd2 Qxc5 13. Rc1 Qb6 14. h4 h5 15. e4 Bg4 16. Ne5 N8c6 17. Nxg4 hxg4 18. h5 Rh8 19. h6+ Kh7 20. a3 Na6 21. b4 Nd4 22. Qf4 Qf6 23. Qxg4 e6 24. Be2 Rac8 25. Rxc8 Rxc8 26. O-O Rc2 27. Bd1 Rc1 28. f4 Nc7 29. e5 Qf5 30. Qh4 Nd5 31. Qd8 Nxf4 32. Qxd4 Rxd1 33. Qd8 Ne2+ 0-1

[Event "Play for Durgesh Fundraiser Blitz"]
[Site "Vishy Anand Arena"]
[Date "2020.09.19"]
[Round "3"]
[White "Vinniethepooh"]
[Black "GIRI_CHESSBASE"]
[Result "1-0"]
[WhiteElo "2196"]
[BlackElo "1290"]
[PlyCount "47"]
[EventDate "2020.09.19"]
[EventType "swiss (blitz)"]

1. d4 Nf6 2. c4 e6 3. Nc3 c5 4. d5 exd5 5. cxd5 g6 6. e4 d6 7. Be2 Bg7 8. Be3 Bd7 9. a4 Na6 10. Nf3 Nc7 11. O-O Qe7 12. Nd2 O-O-O 13. Nb5 Nxe4 14. Nxe4 Qxe4 15. Nxd6+ Kb8 16. Nxe4 Bxb2 17. Rb1 Bg7 18. Qb3 b6 19. Nxc5 Bc8 20. a5 Nxd5 21. axb6 Nxb6 22. Bf4+ Ka8 23. Bf3+ Bb7 24. Bxb7# 1-0

[Event "Play for Durgesh Fundraiser Blitz"]
[Site "Vishy Anand Arena"]
[Date "2020.09.19"]
[Round "3"]
[White "Arghyadip"]
[Black "Rahulyadav"]
[Result "1-0"]
[WhiteElo "2190"]
[BlackElo "1697"]
[PlyCount "65"]
[EventDate "2020.09.19"]
[EventType "swiss (blitz)"]

1. d4 d5 2. c4 e6 3. Nc3 Nf6 4. cxd5 exd5 5. Bg5 Be7 6. e3 O-O 7. Bd3 c6 8. Nge2 h6 9. Bh4 Nbd7 10. O-O Re8 11. Qc2 Nh5 12. Bxe7 Qxe7 13. Rae1 Nf8 14. Nc1 Nf6 15. f3 c5 16. dxc5 Qxc5 17. Nb3 Qb6 18. Qf2 Bd7 19. g4 Ne6 20. h4 Nc5 21. Nxc5 Qxc5 22. g5 Nh5 23. Re2 Kh8 24. Rfe1 Bc6 25. Rc2 Qd6 26. Ne2 g6 27. f4 Ng7 28. Nd4 Bd7 29. gxh6 Ne6 30. Nf3 Nc5 31. Rd2 Bg4 32. Ne5 Bf5 33. Nxf7+ 1-0

[Event "Play for Durgesh Fundraiser Blitz"]
[Site "Vishy Anand Arena"]
[Date "2020.09.19"]
[Round "3"]
[White "Skkeyan"]
[Black "aaronreeve"]
[Result "1-0"]
[WhiteElo "2189"]
[BlackElo "1877"]
[PlyCount "123"]
[EventDate "2020.09.19"]
[EventType "swiss (blitz)"]

1. Nf3 d5 2. b3 c6 3. Bb2 Nf6 4. g3 Bf5 5. Bg2 e6 6. O-O Bd6 7. Ne5 O-O 8. d3 Nbd7 9. Nxd7 Qxd7 10. Nd2 Qc7 11. e4 dxe4 12. dxe4 Bg6 13. Nc4 Be7 14. e5 Nd5 15. Nd6 Bxd6 16. exd6 Qxd6 17. c4 Rad8 18. cxd5 exd5 19. Qd4 f6 20. Qxa7 Qd7 21. Rfe1 Ra8 22. Qc5 Rfe8 23. a3 Re6 24. Rxe6 Qxe6 25. b4 Qe2 26. Qc3 Rd8 27. Re1 Qb5 28. Bf1 d4 29. Qb3+ Bf7 30. Qxf7+ Kxf7 31. Bxb5 cxb5 32. Rd1 d3 33. Kg2 Ke6 34. Kf3 Kf5 35. Ke3 Re8+ 36. Kxd3 Kg4 37. Rc1 Kf3 38. Rc7 Re2 39. Bd4 Ra2 40. Rxb7 Rxa3+ 41. Bc3 Kxf2 42. Rxg7 f5 43. Rxh7 Kf3 44. Rh4 Kg2 45. Rf4 Kxh2 46. Rxf5 Kxg3 47. Rxb5 Kh2 48. Rg5 Rb3 49. Rg7 Rb1 50. Kc4 Kh1 51. b5 Rd1 52. Bd4 Rc1+ 53. Kd5 Rc8 54. b6 Rc2 55. b7 Rc1 56. Rg1+ Rxg1 57. Bxg1 Kg2 58. Ke4 Kh1 59. Kf3 Kxg1 60. b8=Q Kh1 61. Kg3 Kg1 62. Qb1# 1-0

[Event "Play for Durgesh Fundraiser Blitz"]
[Site "Vishy Anand Arena"]
[Date "2020.09.19"]
[Round "3"]
[White "Suyu28"]
[Black "Scorpion29"]
[Result "1-0"]
[WhiteElo "2180"]
[BlackElo "1757"]
[Annotator "NA"]
[PlyCount "53"]
[EventDate "2020.09.19"]
[EventType "swiss (blitz)"]

1. d4 Nf6 2. Bf4 g6 3. e3 Bg7 4. h3 d6 5. c4 Nfd7 6. Nc3 e5 7. Bh2 O-O 8. Nf3 Nc6 9. Be2 f5 10. O-O g5 11. dxe5 dxe5 12. Nd5 f4 13. Nd2 Nb6 14. Ne4 Bf5 15. Nec3 Nxd5 16. cxd5 Ne7 17. Bg4 Bxg4 18. hxg4 Qd6 19. Qb3 b6 20. Rfd1 a6 21. Ne4 Qg6 22. d6+ Kh8 23. dxe7 Rfe8 24. Qd5 Rac8 25. Qd7 Qxe4 26. Qxc8 Rxc8 27. Rd8+ 1-0

[Event "Play for Durgesh Fundraiser Blitz"]
[Site "Vishy Anand Arena"]
[Date "2020.09.19"]
[Round "3"]
[White "lsr"]
[Black "Kikku"]
[Result "1-0"]
[WhiteElo "2170"]
[BlackElo "2074"]
[Annotator "NA"]
[PlyCount "59"]
[EventDate "2020.09.19"]
[EventType "swiss (blitz)"]

1. Nf3 f5 2. g3 Nf6 3. Bg2 g6 4. O-O Bg7 5. d4 O-O 6. c4 d6 7. b3 e5 8. dxe5 dxe5 9. Qxd8 Rxd8 10. Bb2 Nc6 11. Nxe5 Ng4 12. Nxc6 Bxb2 13. Nxd8 Bxa1 14. Nxb7 Rb8 15. Na5 Be6 16. Nc6 Re8 17. Na3 Bf6 18. Nb5 Ne5 19. Nxc7 Rc8 20. Nxe6 Nxc6 21. Rd1 Nb4 22. Rd7 a5 23. a3 Nc2 24. Bd5 Kh8 25. Rf7 Be5 26. Ng5 Bg7 27. Rd7 h6 28. Nf7+ Kh7 29. Nd6 Rb8 30. c5 1-0